[Event "Titled Tuesday intern op 20th Jun Late"]
[Site "Chess.com INT"]
[Date "2023.06.20"]
[Round "8"]
[White "Pan, Kevin"]
[Black "Castella Garcia, Fausto"]
[Result "1-0"]
[WhiteElo "2333"]
[BlackElo "2328"]
[PlyCount "103"]
[EventDate "2023.06.20"]
[EventType "swiss (blitz)"]
[EventRounds "11"]
[EventCountry "USA"]
[SourceTitle "EXT 2024"]
[Source "ChessBase"]
[SourceDate "2023.10.10"]
[SourceVersion "1"]
[SourceVersionDate "2023.10.10"]
[SourceQuality "1"]

1. e4 c5 2. Nc3 Nc6 3. g3 g6 4. Bg2 Bg7 5. d3 d6 6. Be3 Nd4 7. Qd2 Qa5 8. Nge2 Nxe2 9. Kxe2 e6 10. Rhd1 Ne7 11. Kf1 Nc6 12. a3 0-0 13. Rab1 Nd4 14. b4 Qc7 15. bxc5 dxc5 16. Nb5 Nxb5 17. Rxb5 b6 18. Rbb1 Bb7 19. a4 c4 20. f4 Rfd8 21. Qe2 cxd3 22. cxd3 Ba6 23. e5 Rac8 24. Be4 Bf8 25. Rd2 Bc5 26. Rc1 Qe7 27. Bxc5 Rxc5 28. Rxc5 Qxc5 29. Kg2 Qd4 30. a5 bxa5 31. h4 h5 32. Ra2 a4 33. Qc2 Bxd3 34. Bxd3 Qxd3 35. Qxd3 Rxd3 36. Rxa4 Rd7 37. Kf3 Kf8 38. g4 Rd3+ 39. Ke4 Rh3 40. gxh5 gxh5 41. Rxa7 Rxh4 42. Kf3 Kg7 43. Kg3 Rg4+ 44. Kf3 Rg1 45. Kf2 Rb1 46. f5 exf5 47. e6 Rb6 48. Rxf7+ Kg6 49. Re7 Kf6 50. Rh7 Kxe6 51. Rh6+ Ke5 52. Rxb6 1-0

[Event "Titled Tuesday intern op 20th Jun Late"]
[Site "Chess.com INT"]
[Date "2023.06.20"]
[Round "9"]
[White "Pan, Kevin"]
[Black "Ghazarian, Kirk Vagho"]
[Result "0-1"]
[WhiteElo "2333"]
[BlackElo "2479"]
[PlyCount "88"]
[EventDate "2023.06.20"]
[EventType "swiss (blitz)"]
[EventRounds "11"]
[EventCountry "USA"]
[SourceTitle "EXT 2024"]
[Source "ChessBase"]
[SourceDate "2023.10.10"]
[SourceVersion "1"]
[SourceVersionDate "2023.10.10"]
[SourceQuality "1"]

1. e4 c5 2. Nc3 a6 3. g3 b5 4. Bg2 Bb7 5. a3 e6 6. d3 Nf6 7. f4 Be7 8. Nf3 0-0 9. 0-0 d5 10. e5 Nfd7 11. Ne2 Nc6 12. c3 a5 13. d4 b4 14. Be3 bxc3 15. Nxc3 Ba6 16. Rf2 Rb8 17. Rc1 Bc4 18. g4 cxd4 19. Nxd4 Nxd4 20. Bxd4 Nc5 21. f5 Nd3 22. f6 gxf6 23. exf6 Bd6 24. Qd2 Kh8 25. Rf3 Nxc1 26. Qh6 Rg8 27. Rh3 Bd3 28. Be4 Rxg4+ 29. Kh1 Qg8 30. Qg7+ Rxg7 31. fxg7+ Qxg7 32. Rxh7+ Kg8 33. Rxg7+ Kf8 34. Bh7 Bxh7 35. Rxh7 Ke7 36. Rh3 Nb3 37. Bf2 Nd2 38. Bh4+ Kd7 39. Re3 Rxb2 40. Re2 Nc4 41. Rxb2 Nxb2 42. Kg2 Bxa3 43. Bf6 Be7 44. h4 Bxf6 0-1

[Event "Titled Tuesday intern op 20th Jun Late"]
[Site "Chess.com INT"]
[Date "2023.06.20"]
[Round "6"]
[White "Pan, Kevin"]
[Black "Joel Paul, Ganta"]
[Result "1-0"]
[WhiteElo "2333"]
[BlackElo "1974"]
[PlyCount "129"]
[EventDate "2023.06.20"]
[EventType "swiss (blitz)"]
[EventRounds "11"]
[EventCountry "USA"]
[SourceTitle "EXT 2024"]
[Source "ChessBase"]
[SourceDate "2023.10.10"]
[SourceVersion "1"]
[SourceVersionDate "2023.10.10"]
[SourceQuality "1"]

1. e4 g6 2. d4 Bg7 3. Nc3 d6 4. Nf3 a6 5. Be2 b5 6. a3 Nd7 7. Be3 Bb7 8. 0-0 c5 9. dxc5 dxc5 10. Qd2 Qc7 11. Nd5 Bxd5 12. Qxd5 Rd8 13. e5 Bxe5 14. Nxe5 Qxe5 15. Qxe5 Nxe5 16. Bxc5 Nf6 17. Rfd1 Nfd7 18. Bb4 Nc6 19. Bc3 f6 20. Bf3 Nce5 21. Bd5 Nb6 22. Be6 Rd6 23. Rxd6 exd6 24. Bd4 Nbc4 25. f4 Ke7 26. Bd5 Nd7 27. Re1+ Kd8 28. Re6 Re8 29. Bxf6+ Nxf6 30. Rxf6 Nxb2 31. Rxd6+ Kc7 32. Rxa6 Nd1 33. Rc6+ Kd7 34. h4 Re1+ 35. Kh2 Ne3 36. Bf3 h5 37. Rxg6 Nxc2 38. Rg7+ Kd6 39. Ra7 Kc5 40. a4 b4 41. Rb7 Nd4 42. a5 b3 43. a6 Ra1 44. a7 Nb5 45. Be2 Nxa7 46. Rxb3 Nc6 47. Rb5+ Kd6 48. Rxh5 Nd4 49. Bf3 Rf1 50. Kg3 Ke6 51. Rh6+ Kf7 52. Rh5 Kf6 53. Re5 Nf5+ 54. Kg4 Nh6+ 55. Kh5 Nf7 56. Ra5 Rc1 57. g4 Rc8 58. g5+ Kg7 59. Ra7 Rh8+ 60. Kg4 Rd8 61. h5 Kg8 62. g6 Nd6 63. Bd5+ Kh8 64. h6 Ne8 65. Rh7# 1-0

[Event "Titled Tuesday intern op 22nd Nov Late"]
[Site "Chess.com INT"]
[Date "2022.11.22"]
[Round "5"]
[White "Pan, Kevin"]
[Black "Arngrimsson, Dagur"]
[Result "1-0"]
[WhiteElo "2333"]
[BlackElo "2382"]
[PlyCount "53"]
[EventDate "2022.11.22"]
[EventType "swiss (blitz)"]
[EventRounds "11"]
[EventCountry "USA"]
[SourceTitle "CBM 211 Extra"]
[Source "ChessBase"]
[SourceDate "2023.01.31"]
[SourceVersion "1"]
[SourceVersionDate "2023.01.31"]
[SourceQuality "1"]

1. e4 c5 2. Nc3 g6 3. g3 Bg7 4. Bg2 e6 5. d3 Ne7 6. Be3 d6 7. Qd2 0-0 8. Bh6 Nbc6 9. h4 Nd4 10. h5 f6 11. hxg6 hxg6 12. Nge2 g5 13. 0-0-0 b5 14. Nxd4 cxd4 15. Nxb5 Qb6 16. Na3 Ba6 17. Qe2 Rab8 18. b3 Qc5 19. Nc4 Bxc4 20. dxc4 Qe5 21. Qh5 d3 22. Bxg7 dxc2 23. Kxc2 Rfc8 24. Qh7+ Kf7 25. Bxf6+ Kxf6 26. Rh6+ Ng6 27. Rxg6# 1-0

[Event "Titled Tuesday intern op 22nd Nov Late"]
[Site "Chess.com INT"]
[Date "2022.11.22"]
[Round "2"]
[White "Pan, Kevin"]
[Black "Madaminov, Mukhiddin"]
[Result "1-0"]
[WhiteElo "2333"]
[BlackElo "2442"]
[PlyCount "197"]
[EventDate "2022.11.22"]
[EventType "swiss (blitz)"]
[EventRounds "11"]
[EventCountry "USA"]
[SourceTitle "CBM 211 Extra"]
[Source "ChessBase"]
[SourceDate "2023.01.31"]
[SourceVersion "1"]
[SourceVersionDate "2023.01.31"]
[SourceQuality "1"]

1. e4 e5 2. Nf3 Nc6 3. Bb5 a6 4. Ba4 Nf6 5. Bxc6 bxc6 6. d3 d6 7. Nbd2 Be7 8. Nc4 0-0 9. 0-0 Be6 10. Ne3 Ng4 11. d4 Nxe3 12. Bxe3 f6 13. Nh4 Qd7 14. g3 Bh3 15. Ng2 Rab8 16. b3 Qe8 17. f4 exd4 18. Qxd4 Kh8 19. Rf2 c5 20. Qd2 f5 21. e5 Qc6 22. Re1 Rbd8 23. Qc3 d5 24. Bc1 d4 25. Qd2 c4 26. Qe2 d3 27. cxd3 cxd3 28. Qb2 Bc5 29. Be3 Bxe3 30. Nxe3 Qe4 31. Qd2 Rfe8 32. Nc4 Qc6 33. Re3 Qd5 34. Rff3 Qd4 35. Rf2 Qa1+ 36. Re1 Qd4 37. Re3 h6 38. Rff3 Qa1+ 39. Re1 Qd4+ 40. Qe3 d2 41. Rd1 Bg4 42. Rxd2 Qxe3+ 43. Rxe3 Rxd2 44. Nxd2 Rd8 45. Nc4 Bh3 46. Re1 Kg8 47. Kf2 Kf7 48. Ke3 Bg4 49. Rh1 Ke6 50. h3 Bh5 51. Rh2 Rd1 52. Rd2 Re1+ 53. Kf2 Rh1 54. h4 Ra1 55. Ne3 Bg4 56. Rc2 Kd7 57. Nxg4 fxg4 58. Ke3 c6 59. f5 Rf1 60. Rd2+ Ke7 61. e6 Rxf5 62. Ke4 Kxe6 63. Rc2 Re5+ 64. Kf4 c5 65. Kxg4 Rd5 66. Re2+ Kd6 67. Rf2 h5+ 68. Kh3 Ke6 69. Rf8 Rd1 70. Ra8 Rh1+ 71. Kg2 Rb1 72. Rxa6+ Kd5 73. Ra7 Rb2+ 74. Kf3 g6 75. Rg7 Rxa2 76. Rxg6 Ra3 77. Rg5+ Kd4 78. Rxh5 Rxb3+ 79. Kf4 c4 80. Rh8 c3 81. Rc8 Kd3 82. g4 Rb4+ 83. Kf3 c2 84. Rxc2 Kxc2 85. h5 Kd3 86. h6 Kd4 87. Kf4 Kd5+ 88. Kf5 Kd6 89. h7 Rb8 90. Kf6 Kd5 91. g5 Ke4 92. g6 Rb6+ 93. Kg7 Rb7+ 94. Kh6 Rb8 95. g7 Kf5 96. h8Q Rb6+ 97. Kh5 Rb1 98. Qf8+ Ke6 99. g8Q+ 1-0

[Event "Titled Tuesday intern op 02nd Aug Late"]
[Site "Chess.com INT"]
[Date "2022.08.02"]
[Round "9"]
[White "Pham, Khoi"]
[Black "Pan, Kevin"]
[Result "1-0"]
[WhiteElo "2317"]
[BlackElo "2333"]
[PlyCount "95"]
[EventDate "2022.08.02"]
[EventType "swiss (blitz)"]
[EventRounds "11"]
[EventCountry "USA"]
[SourceTitle "EXT 2023"]
[Source "ChessBase"]
[SourceDate "2022.10.05"]
[SourceVersion "1"]
[SourceVersionDate "2022.10.05"]
[SourceQuality "1"]

1. d4 d5 2. c4 e6 3. Nc3 Nf6 4. cxd5 exd5 5. Bg5 Be7 6. e3 c6 7. Bd3 Nbd7 8. Nge2 Nh5 9. Bxe7 Qxe7 10. Qc2 g6 11. 0-0-0 Nb6 12. Kb1 Ng7 13. e4 dxe4 14. Nxe4 Be6 15. N2c3 0-0-0 16. Nc5 Bf5 17. Rhe1 Qf6 18. N3a4 Nd5 19. Qb3 b6 20. Ne4 Qe7 21. Rc1 Ne6 22. Rxc6+ Kb7 23. Rec1 Nxd4 24. Qc4 Nxc6 25. Qxc6+ Kb8 26. Nac5 Bc8 27. Ba6 bxc5 28. Nxc5 Rd6 29. Qb5+ Rb6 30. Qd3 Bxa6 31. Qxd5 Bb7 32. Nxb7 Qxb7 33. Qe5+ Ka8 34. Qxh8+ Qb8 35. Rc8 Rxb2+ 36. Kc1 Rb1+ 37. Kd2 Rb2+ 38. Ke3 Rb7 39. Rxb8+ Rxb8 40. Qxh7 Rb7 41. Qg7 a6 42. Qf8+ Ka7 43. Qc5+ Kb8 44. Qf8+ Ka7 45. Qc5+ Ka8 46. Qc3 Rc7 47. Qxc7 a5 48. Qxf7 1-0

[Event "Titled Tuesday intern op 12th Jul Late"]
[Site "Chess.com INT"]
[Date "2022.07.12"]
[Round "3"]
[White "Popilski, Gil"]
[Black "Pan, Kevin"]
[Result "1-0"]
[WhiteElo "2458"]
[BlackElo "2333"]
[PlyCount "87"]
[EventDate "2022.07.12"]
[EventType "swiss (blitz)"]
[EventRounds "11"]
[EventCountry "USA"]
[SourceTitle "EXT 2023"]
[Source "ChessBase"]
[SourceDate "2022.10.05"]
[SourceVersion "1"]
[SourceVersionDate "2022.10.05"]
[SourceQuality "1"]

1. f4 d5 2. Nf3 Nf6 3. g3 e6 4. Bg2 Be7 5. 0-0 c5 6. d3 b6 7. e4 Bb7 8. e5 Nfd7 9. c4 Na6 10. Nc3 Nc7 11. Qe2 0-0 12. b3 a6 13. Bb2 b5 14. Rad1 Nb6 15. Kh1 b4 16. Nb1 a5 17. g4 f5 18. exf6 Bxf6 19. Bxf6 Qxf6 20. Ne5 Rad8 21. Qf2 Qe7 22. d4 cxd4 23. Qxd4 Nd7 24. Nd2 Nxe5 25. Qxe5 Qd6 26. Qxd6 Rxd6 27. Ne4 Rc6 28. Ng5 h6 29. cxd5 Nxd5 30. Nxe6 Rxe6 31. Bxd5 Bxd5+ 32. Rxd5 Re2 33. Rxa5 Rd8 34. Rh5 Rdd2 35. f5 Rxa2 36. f6 gxf6 37. Rxh6 Kg7 38. Rh3 Rac2 39. Rg1 Kg6 40. Rh8 Rc3 41. g5 fxg5 42. Rg8+ Kf6 43. Rf1+ Ke6 44. Re8+ 1-0

[Event "PNWCC-Bulgaria Hybrid 06"]
[Site "Chess.com INT"]
[Date "2022.06.18"]
[Round "?"]
[White "Pan, Kevin"]
[Black "Drenchev, Petar"]
[Result "1-0"]
[WhiteElo "2308"]
[BlackElo "2377"]
[PlyCount "55"]
[EventDate "2022.06.18"]
[EventType "team-match"]
[EventRounds "4"]
[EventCountry "USA"]
[SourceTitle "EXT 2024"]
[Source "ChessBase"]
[SourceDate "2023.10.10"]
[SourceVersion "1"]
[SourceVersionDate "2023.10.10"]
[SourceQuality "1"]
[WhiteTeam "PNWCC"]
[BlackTeam "Bulgaria"]
[WhiteTeamCountry "USA"]
[BlackTeamCountry "BUL"]

1. e4 e5 2. Nf3 Nc6 3. Bb5 a6 4. Ba4 Nf6 5. Bxc6 dxc6 6. d3 Nd7 7. Nbd2 Bd6 8. Nc4 0-0 9. 0-0 Re8 10. b3 Nf8 11. Bb2 Ng6 12. Qd2 c5 13. Kh1 h6 14. Ne3 Be6 15. Ne1 Qg5 16. g3 Bh3 17. N1g2 Rad8 18. Qe2 b5 19. Bc1 Nf8 20. f4 exf4 21. gxf4 Qg6 22. Rg1 Qe6 23. Bb2 f6 24. Qf3 Bxg2+ 25. Qxg2 Rd7 26. Nf5 g6 27. Nxh6+ Kh8 28. f5 1-0

[Event "PNWCC-Pirot Hybrid m3"]
[Site "Chess.com INT"]
[Date "2021.10.24"]
[Round "4"]
[White "Pan, Kevin"]
[Black "Ivanovic, Marko"]
[Result "1/2-1/2"]
[WhiteElo "2274"]
[BlackElo "2300"]
[PlyCount "76"]
[EventDate "2021.10.23"]
[EventType "team-match"]
[EventRounds "4"]
[EventCountry "USA"]
[SourceTitle "CBM 204 Extra"]
[Source "ChessBase"]
[SourceDate "2021.11.30"]
[SourceVersion "1"]
[SourceVersionDate "2021.11.30"]
[SourceQuality "1"]
[WhiteTeam "PNWCC"]
[BlackTeam "Pirot"]
[WhiteTeamCountry "USA"]
[BlackTeamCountry "SRB"]

1. e4 c5 2. Nc3 Nc6 3. g3 g6 4. Bg2 Bg7 5. d3 d6 6. Be3 Rb8 7. Qd2 b5 8. Nge2 b4 9. Nd1 h5 10. h3 Nd4 11. f4 e6 12. 0-0 a5 13. Rb1 Ne7 14. Nf2 Nec6 15. e5 dxe5 16. Ne4 Nxe2+ 17. Qxe2 Nd4 18. Qd2 f5 19. Nxc5 Qc7 20. Nb3 a4 21. fxe5 axb3 22. Bxd4 bxa2 23. Ra1 Bxe5 24. Bxe5 Qxe5 25. Qg5 Qxb2 26. Qxg6+ Ke7 27. Rxa2 Qd4+ 28. Kh2 Bd7 29. Qg5+ Qf6 30. Qf4 Rhc8 31. Ra7 Rb5 32. Rfa1 Rxc2 33. R1a6 Rd5 34. Qxb4+ Kf7 35. Rd6 Qe7 36. Raxd7 Qxd7 37. Rxd7+ Rxd7 38. Qb5 Ra7 1/2-1/2

[Event "PNWCC-Pirot Hybrid m2"]
[Site "Chess.com INT"]
[Date "2021.10.17"]
[Round "3"]
[White "Pan, Kevin"]
[Black "Bozic, Milan"]
[Result "1/2-1/2"]
[WhiteElo "2274"]
[BlackElo "2256"]
[PlyCount "117"]
[EventDate "2021.10.16"]
[EventType "team-match"]
[EventRounds "4"]
[EventCountry "USA"]
[SourceTitle "EXT 2023"]
[Source "ChessBase"]
[SourceDate "2022.10.05"]
[SourceVersion "1"]
[SourceVersionDate "2022.10.05"]
[SourceQuality "1"]
[WhiteTeam "PNWCC"]
[BlackTeam "Pirot"]
[WhiteTeamCountry "USA"]
[BlackTeamCountry "SRB"]

1. e4 d5 2. exd5 Nf6 3. d4 Bg4 4. Nf3 Qxd5 5. Be2 e6 6. Be3 Nc6 7. Nbd2 0-0-0 8. 0-0 Qd7 9. c4 Bxf3 10. Nxf3 Ng4 11. Qa4 Nxe3 12. fxe3 Kb8 13. Rad1 Be7 14. c5 Ne5 15. Qa5 Nxf3+ 16. Rxf3 Rhf8 17. Rd3 b6 18. Rb3 Qd5 19. Qa4 e5 20. Bc4 Qa8 21. Bb5 a5 22. Bd7 Qa6 23. Qc6 Qb7 24. Qb5 Ka7 25. c6 Qa6 26. Qxe5 Bd6 27. Qd5 Qe2 28. Qb5 Qxb5 29. Rxb5 g6 30. e4 f6 31. Rbb3 a4 32. Rbe3 b5 33. Kf2 Kb6 34. Ke2 h5 35. h4 Ka5 36. Kd3 Kb4 37. Re1 Be7 38. g3 Ka5 39. Rg1 f5 40. exf5 gxf5 41. Rgf1 Rg8 42. Bxf5 Bd6 43. Rg1 Rdf8 44. Ke2 Re8+ 45. Kf2 Re7 46. Bd3 Reg7 47. Rf5 Kb6 48. Rc1 b4 49. Bc4 Re8 50. Rb5+ Ka7 51. Ra5+ Kb8 52. Rg5 Rxg5 53. hxg5 Re4 54. g6 Rg4 55. Bf7 Bxg3+ 56. Kf3 Bd6 57. Rh1 Rg5 58. Rh4 Ka7 59. Rxh5 1/2-1/2

[Event "PNWCC-Pirot Hybrid m"]
[Site "Chess.com INT"]
[Date "2021.09.18"]
[Round "1.3"]
[White "Pan, Kevin"]
[Black "Maksimovic, Branimir"]
[Result "1/2-1/2"]
[WhiteElo "2219"]
[BlackElo "2301"]
[PlyCount "33"]
[EventDate "2021.09.18"]
[EventType "team-match"]
[EventRounds "4"]
[EventCountry "USA"]
[SourceTitle "CBM 204 Extra"]
[Source "ChessBase"]
[SourceDate "2021.11.30"]
[SourceVersion "1"]
[SourceVersionDate "2021.11.30"]
[SourceQuality "1"]
[WhiteTeam "PNWCC"]
[BlackTeam "Pirot"]
[WhiteTeamCountry "USA"]
[BlackTeamCountry "SRB"]

1. e4 e5 2. Nf3 Nc6 3. Bb5 a6 4. Ba4 Nf6 5. Bxc6 dxc6 6. d3 Bd6 7. Nbd2 Be6 8. b3 Nd7 9. Bb2 c5 10. Nc4 f6 11. Nh4 0-0 12. Nf5 Nb8 13. Qg4 Qd7 14. Qf3 Qd8 15. Qg4 Qd7 16. Qf3 Qd8 17. Qg4 1/2-1/2

[Event "Titled Tuesday intern op 27th July"]
[Site "Chess.com INT"]
[Date "2021.07.27"]
[Round "2"]
[White "Pan, Kevin"]
[Black "Hernandez Bermudez, Ulises Eduardo"]
[Result "1-0"]
[WhiteElo "2111"]
[BlackElo "2042"]
[PlyCount "87"]
[EventDate "2021.07.27"]
[EventType "swiss (blitz)"]
[EventRounds "11"]
[EventCountry "USA"]
[SourceTitle "CBM 203 Extra"]
[Source "ChessBase"]
[SourceDate "2021.09.30"]
[SourceVersion "1"]
[SourceVersionDate "2021.09.30"]
[SourceQuality "1"]

1. e4 e6 2. d4 d5 3. Nc3 dxe4 4. Nxe4 Be7 5. Nf3 Nd7 6. c3 Ngf6 7. Bd3 c5 8. 0-0 0-0 9. Qc2 Nxe4 10. Bxe4 Nf6 11. Bd3 Qc7 12. Bg5 h6 13. Bh4 b6 14. Bg3 Bd6 15. dxc5 Bxg3 16. cxb6 Bxf2+ 17. Rxf2 Qxb6 18. Kh1 Ng4 19. Re2 Bb7 20. Nd4 e5 21. Nf5 Qf6 22. Rf1 Rfe8 23. h3 e4 24. Bxe4 Bxe4 25. Rxe4 Ne3 26. Nxe3 Qg6 27. Rxe8+ Rxe8 28. Qxg6 fxg6 29. Rf3 Re7 30. Kg1 Kh7 31. Kf2 Rb7 32. b4 a5 33. a3 axb4 34. axb4 Ra7 35. Ke2 Ra2+ 36. Kd3 Rb2 37. Kc4 h5 38. b5 g5 39. Rf5 Kh6 40. Kc5 g6 41. Re5 g4 42. hxg4 h4 43. b6 Re2 44. Nf5+ 1-0

[Event "Titled Tuesday intern op 13th July"]
[Site "Chess.com INT"]
[Date "2021.07.13"]
[Round "2"]
[White "Pan, Kevin"]
[Black "Sanchez, Roberto Daniel"]
[Result "1-0"]
[WhiteElo "2111"]
[BlackElo "1970"]
[PlyCount "121"]
[EventDate "2021.07.13"]
[EventType "swiss (blitz)"]
[EventRounds "11"]
[EventCountry "USA"]
[SourceTitle "CBM 203 Extra"]
[Source "ChessBase"]
[SourceDate "2021.09.30"]
[SourceVersion "1"]
[SourceVersionDate "2021.09.30"]
[SourceQuality "1"]

1. e4 g6 2. d4 Bg7 3. Be3 d6 4. Nc3 Nf6 5. f3 a6 6. a3 Nbd7 7. Bc4 0-0 8. Nge2 b5 9. Ba2 c6 10. 0-0 Nb6 11. Bg5 h6 12. Bh4 Rb8 13. e5 Nfd5 14. Nxd5 Nxd5 15. Bxd5 cxd5 16. f4 Bg4 17. h3 Bxe2 18. Qxe2 Rc8 19. c3 dxe5 20. fxe5 Qd7 21. Rf3 f6 22. exf6 exf6 23. Raf1 Rce8 24. Qd3 f5 25. Bg3 Re4 26. h4 h5 27. Bf4 Rfe8 28. a4 bxa4 29. Qxa6 R8e6 30. Qa8+ Kh7 31. Kh2 Qb5 32. R1f2 Re2 33. Qa7 Re7 34. Qb8 Qxb8 35. Bxb8 R7e4 36. Bf4 Bh6 37. Be5 Bc1 38. c4 Rxh4+ 39. Kg3 Rg4+ 40. Kh3 Rxf2 41. Rxf2 dxc4 42. Rc2 a3 43. bxa3 Bxa3 44. Rxc4 g5 45. Rc7+ Kh6 46. d5 Re4 47. Bf6 g4+ 48. Kh4 Kg6 49. Rc6 Kf7 50. Kxh5 g3 51. Kg5 f4 52. Bc3 Bc1 53. Rf6+ Ke7 54. d6+ Kd7 55. Kf5 Re2 56. Be5 f3 57. gxf3 g2 58. Rf7+ Kc6 59. Rg7 Rd2 60. Ke6 Rf2 61. d7 1-0

[Event "PNWCC WOW op"]
[Site "Chess.com INT"]
[Date "2020.12.26"]
[Round "1"]
[White "Pan, Kevin"]
[Black "Ponkratov, Pavel"]
[Result "0-1"]
[WhiteElo "2106"]
[BlackElo "2623"]
[PlyCount "112"]
[EventDate "2020.12.26"]
[EventType "swiss"]
[EventRounds "9"]
[EventCountry "USA"]
[SourceTitle "CBM 200 Extra"]
[Source "ChessBase"]
[SourceDate "2021.03.31"]
[SourceVersion "1"]
[SourceVersionDate "2021.03.31"]
[SourceQuality "1"]

1. e4 e6 2. d4 d5 3. Nc3 Nc6 4. e5 b6 5. f4 Bb7 6. Nf3 Qd7 7. Bd3 h5 8. Be3 Nh6 9. a3 0-0-0 10. Qe2 Kb8 11. 0-0 Ng4 12. Bd2 f6 13. b4 Be7 14. Nd1 Rdf8 15. b5 Nd8 16. h3 c5 17. bxc6 Nxc6 18. hxg4 hxg4 19. Ne1 f5 20. Be3 Qe8 21. g3 Rh3 22. Kf2 g5 23. c3 Qh5 24. Ng2 Rh2 25. Rg1 Qh3 26. fxg5 f4 27. Bxf4 Bxg5 28. Ke1 Bxf4 29. gxf4 Qg3+ 30. Nf2 Rxf4 31. Nxf4 Qxg1+ 32. Qf1 Qg3 33. Ne2 Qf3 34. Rd1 Na5 35. Ng1 Qe3+ 36. Ne2 Qf3 37. Ng1 Qg3 38. Ne2 Qh4 39. Qg1 Nc4 40. Bxc4 dxc4 41. Qg3 Qh8 42. Qxg4 Rg2 43. Qf4 Qe8 44. Ne4 Qh5 45. Qf8+ Bc8 46. Qd6+ Ka8 47. Qc6+ Bb7 48. Qxc4 Qh1+ 49. Kd2 Qh6+ 50. Ke1 Qe3 51. Kf1 Qxe4 52. Qd3 Qg4 53. Ke1 Bf3 54. Rd2 Rh2 55. Kd1 Rh1+ 56. Kc2 Be4 0-1

[Event "PNWCC Thanksgiving op"]
[Site "Chess.com INT"]
[Date "2020.11.29"]
[Round "9"]
[White "Pan, Kevin"]
[Black "Vazquez, Guillermo"]
[Result "1/2-1/2"]
[WhiteElo "2106"]
[BlackElo "2527"]
[PlyCount "47"]
[EventDate "2020.11.27"]
[EventType "swiss (rapid)"]
[EventRounds "9"]
[EventCountry "USA"]
[SourceTitle "CBM 199 Extra"]
[Source "ChessBase"]
[SourceDate "2021.01.31"]
[SourceVersion "1"]
[SourceVersionDate "2021.01.31"]
[SourceQuality "1"]

1. d4 Nf6 2. Nf3 d5 3. e3 c5 4. c4 cxd4 5. exd4 Nc6 6. Nc3 Bg4 7. Be3 e6 8. Be2 dxc4 9. Bxc4 Bd6 10. 0-0 0-0 11. h3 Bh5 12. Be2 Rc8 13. Qa4 Bb8 14. Rfd1 Ne7 15. Bg5 Ned5 16. Nxd5 Qxd5 17. Bxf6 gxf6 18. Rac1 a6 19. Qa3 Bf4 20. Rc5 Rxc5 21. dxc5 Qe4 22. Bd3 Qc6 23. Be2 Qe4 24. Bd3 1/2-1/2

[Event "PNWCC Thanksgiving op"]
[Site "Chess.com INT"]
[Date "2020.11.29"]
[Round "8"]
[White "Yu, Jennifer R"]
[Black "Pan, Kevin"]
[Result "1/2-1/2"]
[WhiteElo "2315"]
[BlackElo "2106"]
[PlyCount "83"]
[EventDate "2020.11.27"]
[EventType "swiss (rapid)"]
[EventRounds "9"]
[EventCountry "USA"]
[SourceTitle "CBM 199 Extra"]
[Source "ChessBase"]
[SourceDate "2021.01.31"]
[SourceVersion "1"]
[SourceVersionDate "2021.01.31"]
[SourceQuality "1"]

1. c4 e6 2. Nc3 d5 3. e3 Nf6 4. Nf3 c6 5. b3 Nbd7 6. Bb2 b6 7. Qc2 Bb7 8. d4 Be7 9. Bd3 Qc7 10. cxd5 cxd5 11. Rc1 Rc8 12. 0-0 0-0 13. Qe2 Qb8 14. Ne5 Nxe5 15. dxe5 Nd7 16. f4 Nc5 17. Bb1 Ba6 18. Nb5 Qb7 19. f5 exf5 20. Bxf5 Ne6 21. Rxc8 Qxc8 22. a4 g6 23. Bb1 Qd7 24. Rd1 Bxb5 25. axb5 Rd8 26. Kh1 Bc5 27. Bd3 Qe7 28. Rf1 Qg5 29. Rf3 d4 30. exd4 Bxd4 31. Rg3 Qh6 32. Bxd4 Nxd4 33. Qf1 Qd2 34. h3 Ne6 35. Bc4 Qc2 36. Kh2 Rd1 37. Qf6 Qc1 38. Rf3 Rh1+ 39. Kg3 Qe1+ 40. Rf2 Qe3+ 41. Rf3 Qe1+ 42. Rf2 1/2-1/2

[Event "PNWCC Thanksgiving op"]
[Site "Chess.com INT"]
[Date "2020.11.27"]
[Round "2"]
[White "Pan, Kevin"]
[Black "Checa, Nicolas D"]
[Result "0-1"]
[WhiteElo "2106"]
[BlackElo "2527"]
[PlyCount "174"]
[EventDate "2020.11.27"]
[EventType "swiss (rapid)"]
[EventRounds "9"]
[EventCountry "USA"]
[SourceTitle "CBM 199 Extra"]
[Source "ChessBase"]
[SourceDate "2021.01.31"]
[SourceVersion "1"]
[SourceVersionDate "2021.01.31"]
[SourceQuality "1"]

1. d4 d5 2. Nf3 Nf6 3. e3 Bg4 4. h3 Bf5 5. c4 c6 6. Nc3 e6 7. cxd5 exd5 8. Nh4 Be6 9. Bd3 Nbd7 10. Qc2 Ne4 11. g3 f5 12. Ng2 Bd6 13. Nf4 Bf7 14. h4 Qf6 15. Nxe4 dxe4 16. Bc4 Bxc4 17. Qxc4 Nb6 18. Qe6+ Qxe6 19. Nxe6 Kf7 20. Nf4 Bxf4 21. gxf4 Nd5 22. Bd2 Rad8 23. Ke2 Rd6 24. Rag1 Rg6 25. Rxg6 Kxg6 26. a4 Rd8 27. f3 Nf6 28. Rg1+ Kf7 29. Rc1 exf3+ 30. Kxf3 Ne4 31. Bb4 a6 32. a5 Rd5 33. Bc5 Ke6 34. Rg1 Rd7 35. b4 Rf7 36. Rg2 Kd5 37. Ke2 Kc4 38. Rg1 Nf6 39. Rc1+ Kd5 40. Kd3 Ne4 41. Rg1 g6 42. Rg2 Rf6 43. Be7 Rf7 44. Bc5 Nf6 45. Ba7 Rf8 46. Bb6 Rc8 47. Rc2 Ke6 48. Bc5 Re8 49. Rg2 Kd5 50. Rg3 Re4 51. Bb6 Kd6 52. Ba7 Nd5 53. Bc5+ Ke6 54. Bf8 Kf7 55. Bd6 Re6 56. Bc5 Kg7 57. h5 h6 58. hxg6 Rxg6 59. Rh3 Rg4 60. Bd6 Kg6 61. Rf3 Nf6 62. Be5 Ne4 63. d5 cxd5 64. Kd4 h5 65. Kxd5 Rg3 66. Rf1 h4 67. Rc1 Rxe3 68. Rc8 Kh5 69. Ke6 Kg4 70. Rg8+ Kf3 71. Rh8 Kg3 72. Kxf5 h3 73. Ke6 Kg2 74. f5 Ng5+ 75. Kf6 Rxe5 76. Rg8 Re3 77. Rxg5+ Rg3 78. Rh5 h2 79. Rxh2+ Kxh2 80. Ke7 Re3+ 81. Kd6 Rf3 82. Ke6 Kg3 83. f6 Kf2 84. f7 Ke3 85. Ke7 Kd4 86. f8Q Rxf8 87. Kxf8 Kc4 0-1

[Event "PNWCC Thanksgiving op"]
[Site "Chess.com INT"]
[Date "2020.11.27"]
[Round "1"]
[White "Pan, Kevin"]
[Black "Kovalev, Vladislav"]
[Result "1-0"]
[WhiteElo "2106"]
[BlackElo "2648"]
[PlyCount "79"]
[EventDate "2020.11.27"]
[EventType "swiss (rapid)"]
[EventRounds "9"]
[EventCountry "USA"]
[SourceTitle "CBM 199 Extra"]
[Source "ChessBase"]
[SourceDate "2021.01.31"]
[SourceVersion "1"]
[SourceVersionDate "2021.01.31"]
[SourceQuality "1"]

1. e4 e5 2. Nf3 Nc6 3. Bb5 a6 4. Ba4 Nf6 5. Bxc6 dxc6 6. d3 Bd6 7. Nbd2 Be6 8. b3 b5 9. Bb2 Nd7 10. 0-0 c5 11. a4 c6 12. Ra2 f6 13. Nh4 g6 14. g3 0-0 15. f4 exf4 16. gxf4 f5 17. Ng2 Nb6 18. a5 Nd7 19. Nf3 h6 20. Qd2 Rf7 21. Raa1 Bc7 22. Kh1 Kh7 23. Rg1 fxe4 24. dxe4 Qf8 25. f5 gxf5 26. Nf4 Re8 27. Nxe6 Rxe6 28. exf5 Rd6 29. Qg2 Bd8 30. Qg6+ Rxg6 31. fxg6+ Kg8 32. gxf7+ Kxf7 33. Ne5+ Ke6 34. Rg6+ Nf6 35. Rf1 Qe8 36. Rxh6 Kd5 37. c4+ Ke4 38. Rh4+ Ke3 39. Re1+ Kd2 40. Nf3+ 1-0